Guess the 2023 kdramas(2) - Statistics

General Stats
  • This quiz has been taken 169 times
  • The average score is 7 of 15
Answer Stats
Picture Answer % Correct
Bloodhounds
76%
Mask girl
75%
Vigilante
59%
Doona!
57%
Strong girl Nam-Soon
57%
The good bad mother
54%
Welcome to Samdal-ri
52%
Daily dose of sunshine
51%
A time called you
43%
Dr. Cha/Doctor Cha
43%
The Heavenly idol
38%
The worst of evil
32%
Brave citizen
31%
Castaway diva
30%
High cookie
23%
No matching quizzes found
Score Distribution
Percent of People with Each Score
Percentile by Number Answered
Your Score History
You have not taken this quiz